Grace- Album (Jeff Buckley) - Statistics

General Stats
  • This quiz has been taken 251 times
  • The average score is 8 of 11
Answer Stats
Hint Answer % Correct
2. Grace
97%
1. Mojo Pin
88%
7. Lover, You Should've Come Over
86%
3. Last Goodbye
77%
4. Lilac Wine
77%
11. Forget Her
75%
6. Hallelujah
74%
5. So Real
74%
10. Dream Brother
72%
9. Eternal Life
67%
8. Corpus Christi Carol
61%
No matching quizzes found
Score Distribution
Percent of People with Each Score
Percentile by Number Answered
Your Score History
You have not taken this quiz